| 000 | 01238cam a2200313 a 4500 | ||
|---|---|---|---|
| 999 |
_c328424 _d328424 |
||
| 001 | 14646308 | ||
| 003 | Nust | ||
| 005 | 20170406172212.0 | ||
| 008 | 061127s2007 nyu 000 1 eng | ||
| 010 | _a 2006052992 | ||
| 020 | _a9780061240249 | ||
| 035 | _a(OCoLC)ocm76836278 | ||
| 035 | _a(OCoLC)76836278 | ||
| 040 |
_aDLC _cDLC _dBAKER _dBTCTA _dC#P _dYDXCP _dVP@ _dDLC |
||
| 050 | 0 | 0 |
_aPS3621.M75 _bI35 2007 |
| 082 | 0 | 0 |
_a813.6 _bUMR |
| 100 | 1 | _aUmrigar, Thrity N. | |
| 245 | 1 | 0 |
_aIf today be sweet / _cThrity Umrigar. |
| 250 | _a1st ed. | ||
| 260 |
_aNew York : _bWilliam Morrow, _c2007. |
||
| 300 |
_a296 p. ; _c24 cm. |
||
| 650 | 0 |
_aBereavement _vFiction. |
|
| 655 | 7 |
_aPsychological fiction. _2lcsh |
|
| 856 | 4 | 2 |
_3Contributor biographical information _uhttp://www.loc.gov/catdir/enhancements/fy0911/2006052992-b.html |
| 856 | 4 | 2 |
_3Publisher description _uhttp://www.loc.gov/catdir/enhancements/fy0911/2006052992-d.html |
| 906 |
_a7 _bcbc _corignew _d1 _eocip _f20 _gy-gencatlg |
||
| 942 |
_2ddc _cBK |
||